000 00928cam a2200325 i 4500
001 0000436
003 DO-SdBPM
005 20241204083008.0
007 0000436
008 100514s1996 sp | 000 f spa
015 _a
017 _a
_b
020 _a8439701357
035 _a
040 _a DO-SdBPM
_bspa
_cBPMSU
_e
080 _a
082 4 _aA863.08
_bM478 1996
_222
245 0 0 _aMcOndo /
_ceditores Alberto Fuguet, Sergio Gómez
_h
260 _aBarcelona :
_bMondadori,
_c1996.
300 _a262 p. ;
_c24 cm
490 0 _aLiteratura Mondadori,
_v55
500 _aIncluye datos biográficos de los editores, en la solapa de la cubierta.
590 _aInventariado, 2024/VM
650 4 _aCuentos latinoamericanos
650 4 _aLiteratura latinoamericana
700 1 _aFuguet, Alberto
_eeditor
700 1 _aGómez, Sergio
_eeditor
910 _aVMateo V. Control de calidad. BPMSU
942 _2ddc
_cBK
999 _c10531
_d10531